00530nam a22001697a 450000500170000001000150001702000260003203500140005803700090007208200100008110000170009124500820010826000530019027000750024330000230031870000190034120241203143128.0 aENG-142776 a9789355328526c370.00 aEN-126308 bDBAD a363.2 aAshok Kumar  aChallenges to Internal security of India/cby Ashok Kumar [and] Vipul Anekant aChennaibMcGraw Hill Education Private Ltdc2024 aAnjana Complex No. 5/90 A, Butt Road, St Thomas MountbChennaie600016 axix292p.c23cm(pb) aAnekant, Vipul